MDQL
is popping MORE tags! Check the
thread
!
Quizzes
Events
Quiz Creation
Community
Videos
Private Events
Remove Ads
Sign In
Join for FREE
Feedback
Dark Mode
Quiz Categories
Sports
Geography
Music
Movies
Television
Just For Fun
Miscellaneous
History
Literature
Language
Science
Gaming
Entertainment
Religion
Holiday
For Kids
Quiz Lab
Recent
Popular Today
Quiz Kudos Today
Editor Picks
Curator Picks
Quizzes by...
Day
Popularity
Type
Ratings
Length
Year
Community
Subscriptions
Recent Discussions
Orange Saloon
Badges
Playlists
Quests
Create
Leaderboards
Showdown
Live 5
Trivia Bingo
Activity
Puzzle Library
Sporcle Events
Private Events
Virtual Trivia
Globe League
Become a Host
Pub Owners
SporcleCon
Opinionation
Our Games
Videos
Blog
Mobile Apps
Partnerships
Remove Ads and Go Orange
Feedback
Miscellaneous
Crossword
General Knowledge
Baby Names
Logo
Food
Cars
Numbers
Grab Bag
University
College
Popular
Company
Slogans
Restaurants
Justice
Letter
Miscellaneous
Crossword
General Knowledge
Baby Names
Logo
Food
Cars
Numbers
Grab Bag
University
College
Popular
Company
Slogans
Restaurants
Justice
Letter
Random Quiz
Search Sporcle
×
Quiz Lab
Quiz Lab
Miscellaneous
Camera Shots
Type in answers that appear in a list
Type in answers that appear in a list
Classic
Best Score? Go Orange.
Parts of a DSLR Camera Stats
Can you name the Parts of a DSLR Camera?
By
Mahmoud
12m
23 Questions
1,005 Plays
1,005 Plays
1,005 Plays
Comments
Comments
Give Quiz Kudos
Give Quiz Kudos
-
- Ratings
hide this ad
More Info
Replay
Link that replays current quiz
Next Quiz
Link to next quiz in quiz playlist
You Got
0%
They Got
Avg Score
35%
Avg Friend Score
Upgrade to see
Score Distribution
Jump to the score distribution portion of the page
Score
0/23
Timer
12:00
0
Plays Today
Part #
Part of Camera
% Correct
22.
Shutter button
79.7%
18.
Mirror
61.2%
19.
Hand grip
50.3%
8.
Hot shoe
49.3%
3.
Mode Dial
47.3%
10.
Strap mount
42.3%
13.
Lens release button
42.3%
11.
Flash button
41.9%
20.
Remote control sensor
37.6%
2.
Power switch
36.7%
16.
Lens mount
34.8%
4.
Built-in flash
31.1%
Part #
Part of Camera
% Correct
1.
Power lamp
28.5%
17.
Contacts
27.9%
23.
Main Dial
27%
21.
Red-eye reduction
26.3%
6.
EF-S Lens mount index
23.3%
7.
Flash-sync contacts
23%
5.
EF Lens mount index
22.8%
12.
Terminal cover
22.8%
14.
Depth-of-field preview button
22.2%
15.
Lens lock pin
21.3%
9.
Focal plane mark
20.5%
Quiz Playlist
Details
Report
Send in Message
Add To Playlist
More Info:
Name all the different parts of the DSLR Camera below.
Classic:
Type in answers that appear in a list
Last Updated: Feb 16, 2017
Quiz Scoreboard
CHALLENGE
Sign Up to Join the Scoreboard
Show All
Scores
Hide
Comments
May contain spoilers
Recently Published
Holiday 10x10 Sorting Gallery
by lukepisani3
Holiday
15m
Two Season TV Shows II
by 123Four
Television
10m
Image Sorting: Flags VI
by Barbecue
Geography
2m
More to Explore
Quiz From the Vault
Featured Blog Post
14 Easter Pick-up Lines to Find Eggs With
hide this ad
You Might Also Like...
Tags
Camera
Camera Shots
Today's Top Quizzes in Miscellaneous
Browse Miscellaneous
hide this ad
Today's Top Quizzes in Camera Shots
Browse Camera Shots
Top Contributed Quizzes in Miscellaneous
1
The JOE quick-fire general knowledge quiz: Day 174
2
9x9 Crossword: Disney Movie Titles
3
The JOE quick-fire general knowledge quiz: Day 173
4
5-to-1: Fast Food
5
9x9 Crossword: Charlie and the Chocolate Factory
6
9x9 Crossword: The Simpsons
7
9x9 Crossword: Flags
8
9x9 Crossword: Actors
9
9x9 Crossword: 2022 Movies
10
9x9 Crossword: Pixar Movie Titles
Explore More
Trending Topics
Harry Potter
Crossword
Anime
Kpop
NBA
Marvel
Disney
Pokémon
NFL
Puzzle
Country
The Office
Song
WWE
Soccer
hide this ad
More By:
Mahmoud
Quiz
Plays
Rating
Category
Featured
Created
Parts of a DSLR Camera
1,005
1.14
Miscellaneous
Oct 17, 2010
Camera Setting Display
90
1.50
Miscellaneous
Oct 17, 2010
Name the Current U.S Infantry Weapons
65
4.00
Miscellaneous
Nov 7, 2010
Functions to a DSLR Camera
57
1.00
Miscellaneous
Oct 17, 2010
Go to Creator's Profile
Score Distribution
Quiz Creator Spotlight
Mahmoud
Follow
Send a Message
Quizzes Created
-
Created Quiz Play Count
-
More By This Creator
Popular Quizzes Today
1
Find the US States - No Outlines Minefield
2
Colored Red Africa Blitz
3
Find the 'City' Movie
4
The Countries of the World
5
5x2 Blitz: Bands
6
Find the US States
7
Find the Countries of Europe - No Outlines Minefield
8
US States
More Miscellaneous Quizzes
TinyGrid: Breakfast Items
Quiz Lab
Trending Quizzes
Colored Red Europe Blitz I
Colored Red Europe Blitz II
Colored Red Africa Blitz II
Colored Red Europe Blitz III
Colored Red Africa Blitz III
Recently Updated
Odd Team Out - Big 4 Players
pecheneg
Quick Pick: 20 Twenties
pecheneg
March Madness Men's Triple Doubles
pecheneg
How Do You Spell That?
pecheneg
Godzilla Movies
pecheneg
Grab Bag: 4-10 Letters
pecheneg
2024 March Madness Bracket
pecheneg
Famous TV Couples
Peacemaker
Champions League XIs: Real Madrid
pecheneg
Largest US Cities 1790-2010
pecheneg
Trending Topics
Anime
Kpop
Crossword
Harry Potter
NBA
Marvel
Disney
Soccer
Country
Song
NFL
WWE
Puzzle
The Office
Pokémon
Your Account Isn't Verified!
In order to create a playlist on Sporcle, you need to verify the email address you used during registration. Go to your
Sporcle Settings
to finish the process.
Report this User
Report this user for behavior that violates our
Community Guidelines
.
Details:
Send Report
Go to the Sporcle.com Mobile Site →
Comments